000 00775nam a2200205Ii 4500
003 JO-AjNU
008 230605s9999||||xx |||||||||||||| ||und||
040 _aJO-AjNU
_bara
_erda
_cJO-AjNU
041 _aara
050 1 4 _aKMM68.3.A28 1999
100 3 _aإعداد ابو بكر، محمد,
_eauthor
_947168
245 0 0 _aموسوعة التشريعات والإجتهادات القضائية (14): قانون الاراضي والمساحة
250 _aط1
264 3 1 _aعمان: مكتبة دار الثقافة للنشر والتوزيع، 1999
300 _a472ص
336 _atext
_btxt
_2rdacontent
337 _aunmediated
_bn
_2rdamedia
338 _avolume
_bnc
_2rdacarrier
650 4 _aالاراضي والمساحة - قوانين - الاردن
_947169
999 _aA20571
_c24139
_d24139